=LDR 00000nam 2200000 4500 =001 INLIS000000000021376 =005 20130612120236 =008 ***********************************Ind** =035 ##$$0010-061300000021376 =041 ##$$a Ind =082 ##$$a 658.311 2 =090 ##$$a 658.311 2, Coh p =100 ##$$a Cohen, Frits =245 ##$$a Penggunaan Grafologi Untuk Keberhasilan Bisnis, Frits Cohen, Daniel Wander ; Alih Bahasa, Susi Purwako =260 ##$$a 1995 $b Jakarta =300 ##$$a 189 hlm, Ilus. 4 cm =650 ##$$a Grafologi =700 ##$$a Wander, Daniel, Purwako, Susi =850 ##$$a NBPNMAT